Manual imprescindible de redes locales (Registro nro. 2350)
[ vista simple ]
| 000 -CABECERA | |
|---|---|
| campo de control de longitud fija | 01277aam a2200421 4500 |
| 005 - FECHA Y HORA DE ACTUALIZACIÓN | |
| campo de control | 20230613184634.0 |
| 008 - LONGITUD FIJA | |
| campo de control de longitud fija | 150527b2005 xxu||||| |||| 00| 0 spa d |
| 041 ## - IDIOMA | |
| Código de idioma del texto/pista de sonido o título separado | Español |
| 082 ## - CLASIFICACIÓN DECIMAL DEWEY | |
| Número de clasificación | 004.68 D655r |
| Número de documento/Ítem | |
| 100 ## - AUTOR PERSONAL | |
| Nombre de persona | Doherty, Jim |
| 100 ## - AUTOR PERSONAL | |
| Nombre de persona | Anderson, Neil |
| 245 ## - TÍTULO PROPIAMENTE DICHO | |
| Título | Manual imprescindible de redes locales |
| 260 ## - PIE DE IMPRENTA | |
| Lugar de publicación, distribución, etc. | España |
| Nombre del editor, distribuidor, etc. | Anaya |
| Fecha de publicación, distribución, etc. | 2005 |
| 300 ## - DESCRIPCIÓN FÍSICA | |
| Extensión | 544 páginas |
| 650 ## - Materia General | |
| Materia general | REDES DE COMPUTADORES |
| 650 ## - Materia General | |
| Materia general | REDES LOCALES |
| 650 ## - Materia General | |
| Materia general | SISTEMA DE RED |
| 650 ## - Materia General | |
| Materia general | CONEXIÓN |
| 650 ## - Materia General | |
| Materia general | INTERNET |
| 650 ## - Materia General | |
| Materia general | TCP/IP |
| 650 ## - Materia General | |
| Materia general | HTTP |
| 650 ## - Materia General | |
| Materia general | HTML |
| 650 ## - Materia General | |
| Materia general | RED DOMÉSTICA |
| 650 ## - Materia General | |
| Materia general | ACCESO DE ALTA VELOCIDAD |
| 650 ## - Materia General | |
| Materia general | BANDA ANCHA |
| 650 ## - Materia General | |
| Materia general | REDES INALÁMBRICAS |
| 650 ## - Materia General | |
| Materia general | TECNOLOGÍA INALÁMBRICA |
| 650 ## - Materia General | |
| Materia general | PROTECCIÓN DE LA RED |
| 650 ## - Materia General | |
| Materia general | VIRUS DE COMPUTADORAS |
| 650 ## - Materia General | |
| Materia general | SEGURIDAD |
| 650 ## - Materia General | |
| Materia general | INTERNET |
| 650 ## - Materia General | |
| Materia general | SERVIDORES INALÁMBRICOS |
| 650 ## - Materia General | |
| Materia general | VIGILANCIA CON VIDEO |
| 650 ## - Materia General | |
| Materia general | SISTEMAS DE ENTRETENIMIENTO |
| 650 ## - Materia General | |
| Materia general | JUEGOS ONLINE |
| 650 ## - Materia General | |
| Materia general | SERVICIO TELEFÓNICO POR INTERNET |
| 942 ## - Punto de Acceso Adicional Koha | |
| Tipo de ítem Koha | Libro |
| Estado perdido | Estado dañado | No para préstamo | Biblioteca permanente | Biblioteca actual | Signatura completa | Código de barras | Precio efectivo a partir del | Tipo de ítem |
|---|---|---|---|---|---|---|---|---|
| Departamento de Biblioteca y Documentación Alfonso Chase Brenes | Departamento de Biblioteca y Documentación Alfonso Chase Brenes | 004.68 D655r | 14896 | 12/09/2016 | Libro |